| 000 | 00680nam a2200241 i 4500 | ||
|---|---|---|---|
| 001 | 000029554 | ||
| 003 | DO-SdBNP | ||
| 005 | 20260305073951.0 | ||
| 007 | ta | ||
| 008 | 110418s1982 dr 000 0 spa d | ||
| 040 |
_aDO-SdBNP _bspa _cBNPHU _erda |
||
| 049 | _aBNPD | ||
| 082 | 4 | _222 | |
| 100 | 1 |
_aMoya Pons, Frank, _d1944- _92095 |
|
| 245 | 1 | 0 |
_aRaíces del problema dominicano / _cFrank Moya Pons. |
| 264 |
_aSanto Domingo : _bEditor no identificado, _c1982. |
||
| 300 |
_a19 páginas ; _c22 cm. |
||
| 336 |
_2rdacontent _atexto _btxt |
||
| 337 |
_2rdamedia _asin mediación _bn |
||
| 338 |
_2rdacarrier _avolumen _bnc |
||
| 590 | _aInventariado, 2024/BT | ||
| 942 |
_2ddc _cLF2 |
||
| 999 |
_c29046 _d29046 |
||